|
|
|
|
| LEADER |
00000cam a22000004a 4500 |
| 001 |
musev2_48016 |
| 003 |
MdBmJHUP |
| 005 |
20230905045005.0 |
| 006 |
m o d |
| 007 |
cr||||||||nn|n |
| 008 |
160812s2016 iau o 00 0 eng d |
| 020 |
|
|
|a 9781609384449
|
| 020 |
|
|
|z 9781609384432
|
| 035 |
|
|
|a (OCoLC)956541646
|
| 040 |
|
|
|a MdBmJHUP
|c MdBmJHUP
|
| 100 |
1 |
|
|a Hyde, Allegra,
|e author.
|
| 240 |
1 |
0 |
|a Short stories.
|k Selections
|
| 245 |
1 |
0 |
|a Of This New World /
|c Allegra Hyde.
|
| 264 |
|
1 |
|a Iowa City :
|b University of Iowa Press,
|c 2016.
|
| 264 |
|
3 |
|a Baltimore, Md. :
|b Project MUSE,
|c 2016
|
| 264 |
|
4 |
|c ©2016.
|
| 300 |
|
|
|a 1 online resource (140 pages).
|
| 336 |
|
|
|a text
|b txt
|2 rdacontent
|
| 337 |
|
|
|a computer
|b c
|2 rdamedia
|
| 338 |
|
|
|a online resource
|b cr
|2 rdacarrier
|
| 490 |
0 |
|
|a The Iowa short fiction award
|
| 490 |
0 |
|
|a The John Simmons short fiction award
|
| 505 |
0 |
|
|a After the Beginning -- Shark Fishing -- Free Love -- VFW Post 1492 -- Bury Me -- Syndication -- The Future Consequences of Present Actions -- Flowers for Prisoners -- Acid -- Ephemera -- Delight -- Americans on Mars!
|
| 520 |
|
|
|a "Allegra Hyde's debut story collection, Of This New World, offers a menagerie of utopias: real, imagined, and lost. Starting with the Garden of Eden and ending in a Mars colony, the stories wrestle with conflicts of idealism and practicality, communal ambition and individual kink. Stories jump between genres--from historical fiction to science fiction, realism to fabulism--but all ask those fundamental human questions: What do we do when we lose our utopia? What will we do to get it back? Over the course of twelve stories, Hyde writes with a mix of lyricism, humor, and masterful detail. A group of environmental missionaries seeks to start an ideal eco-society on an island in the Bahamas, only to unwittingly tyrannize the local inhabitants and disrupt the social ecosystem. The neglected daughter of a floundering hippie commune must adjust to conventional life with her ungroovy grandmother. A wounded veteran gets lost in erotic fantasies of his twin brother's life. Haunted by her years at a collegiate idyll, a young woman eulogizes a friendship. After indenturing his only son to the Shakers, an antebellum vegan turns to Louisa May Alcott's famous family for help. And in the final story, a down-and-out drug addict gets a second chance at life in a government-sponsored space population program, only to be flummoxed by erectile dysfunction. An unmissable debut, the collection charts the worlds born in our dreams and bred in hope"--
|c Provided by publisher
|
| 588 |
|
|
|a Description based on print version record.
|
| 650 |
|
7 |
|a Utopias.
|2 fast
|0 (OCoLC)fst01163359
|
| 650 |
|
7 |
|a FICTION
|x General.
|2 bisacsh
|
| 650 |
|
7 |
|a LITERARY CRITICISM
|x American
|x General.
|2 bisacsh
|
| 650 |
|
7 |
|a FICTION
|x Short Stories (single author)
|2 bisacsh
|
| 650 |
|
6 |
|a Utopies
|v Romans, nouvelles, etc.
|
| 650 |
|
0 |
|a Utopias
|v Fiction.
|
| 655 |
|
7 |
|a Psychological fiction.
|2 lcgft
|
| 655 |
|
7 |
|a Science fiction.
|2 gsafd
|
| 655 |
|
7 |
|a Psychological fiction.
|2 fast
|0 (OCoLC)fst01726481
|
| 655 |
|
7 |
|a Fiction.
|2 fast
|0 (OCoLC)fst01423787
|
| 655 |
|
4 |
|a Science fiction.
|
| 655 |
|
4 |
|a Psychological fiction.
|
| 655 |
|
7 |
|a Electronic books.
|2 local
|
| 710 |
2 |
|
|a Project Muse.
|e distributor
|
| 830 |
|
0 |
|a Book collections on Project MUSE.
|
| 856 |
4 |
0 |
|z Texto completo
|u https://projectmuse.uam.elogim.com/book/48016/
|
| 945 |
|
|
|a Project MUSE - Custom Collection
|
| 945 |
|
|
|a Project MUSE - 2016 Complete
|
| 945 |
|
|
|a Project MUSE - 2016 Poetry, Fiction and Creative Non-Fiction
|